000 00563nam a2200229Ia 4500
003 OSt
005 20220924152345.0
006 a|||||r|||| 00| 0
007 ta
008 220923b |||||||| |||| 00| 0 mar d
024 _a342211
037 _cTextual
040 _aARTS
_cARTS
_bmar
041 _2mar
_amar
082 _aP15, 155J7
100 _aRajwade V.K.
_9226491
245 0 _aSanskrit bhashecha ulgana
260 _c1957
650 _aLINGUISTICS
942 _hP15, 155J7
_cTEXL
_2CC
999 _c469598
_d469598